[Event "36. Copenhagen Open (Politiken Cup)"]
[Site "Elsinore"]
[Date "2014.07.23"]
[Round "4"]
[White "Petersen, Tom Petri"]
[Black "Olofsson Dolk, Mattis"]
[Result "0-1"]
[WhiteElo "2334"]
[BlackElo "2143"]
[PlyCount "90"]
[EventDate "2014.07.21"]
[EventType "swiss"]
[EventRounds "10"]
[EventCountry "DEN"]
[Source "ChessBase"]
[SourceDate "2014.08.29"]

1. c4 Nf6 2. g3 g6 3. Nc3 d5 4. cxd5 Nxd5 5. Bg2 Nb6 6. h4 h6 7. d3 Bg7 8. Be3
Nc6 9. Nf3 O-O 10. Qd2 Kh7 11. Rc1 e5 12. Bc5 Re8 13. O-O Bg4 14. Nh2 Be6 15.
Rfd1 Qd7 16. b4 Rab8 17. e3 Nc8 18. b5 N6e7 19. d4 b6 20. d5 Bh3 21. Bb4 Bxg2
22. Kxg2 Nd6 23. a4 f5 24. Nf3 Rf8 25. Bxd6 cxd6 26. Na2 f4 27. e4 Ng8 28. Qe2
Nf6 29. Rd3 Nh5 30. Nh2 Rf7 31. Qg4 Qe7 32. Nc3 Rbf8 33. Nd1 fxg3 34. fxg3 Rf4
35. Qe2 Rxh4 36. Rf3 Qg5 37. Qe3 Rxf3 38. Qxg5 Rxh2+ 39. Kxf3 hxg5 40. Nf2 Nf6
41. g4 Rxf2+ 42. Kxf2 Nxe4+ 43. Ke3 Nc5 44. Rf1 Kg8 45. Ra1 e4 0-1

[Event "36. Copenhagen Open (Politiken Cup)"]
[Site "Elsinore"]
[Date "2014.07.23"]
[Round "4"]
[White "Philipsen, William Horup"]
[Black "Andersen, Morten"]
[Result "0-1"]
[WhiteElo "1951"]
[BlackElo "2143"]
[PlyCount "56"]
[EventDate "2014.07.21"]
[EventType "swiss"]
[EventRounds "10"]
[EventCountry "DEN"]
[Source "ChessBase"]
[SourceDate "2014.08.29"]

1. e4 c6 2. d4 d5 3. f3 dxe4 4. fxe4 e5 5. Nf3 Bg4 6. Bc4 Nd7 7. O-O Ngf6 8. c3
Bd6 9. Qe1 O-O 10. Bg5 Qb6 11. Nbd2 Rae8 12. Qh4 exd4 13. Nxd4 Be5 14. N2b3 Be6
15. Bxe6 fxe6 16. Kh1 Bxd4 17. cxd4 e5 18. dxe5 Rxe5 19. Nd2 Qb5 20. a4 Qb4 21.
Rae1 Qxa4 22. Rf4 Rfe8 23. b3 Qb4 24. Nc4 Rxg5 25. e5 Rg4 26. Rxg4 Nxg4 27. Nd6
Rf8 28. Ne4 Nf2+ 0-1

[Event "36. Copenhagen Open (Politiken Cup)"]
[Site "Elsinore"]
[Date "2014.07.23"]
[Round "4"]
[White "Plata Fernandez, Diego"]
[Black "Andersson, Thorbjorn"]
[Result "0-1"]
[WhiteElo "1745"]
[BlackElo "1950"]
[PlyCount "82"]
[EventDate "2014.07.21"]
[EventType "swiss"]
[EventRounds "10"]
[EventCountry "DEN"]
[Source "ChessBase"]
[SourceDate "2014.08.29"]

1. d4 Nf6 2. Nf3 g6 3. g3 Bg7 4. Bg2 O-O 5. O-O d6 6. c4 c5 7. Nc3 cxd4 8. Nxd4
Nbd7 9. h3 a6 10. Bg5 h6 11. Be3 Rb8 12. Qd2 Kh7 13. Nf3 b5 14. Nd4 Ne5 15.
cxb5 axb5 16. Ncxb5 Bb7 17. Bxb7 Rxb7 18. Qc2 Qd7 19. Kh2 Rxb5 20. Nxb5 Qxb5
21. a4 Qb7 22. Rfc1 Nd5 23. Ra3 Rb8 24. Rb1 Nc6 25. Qc4 Ne5 26. Qc2 Rc8 27. Qb3
Qa8 28. Ra2 Nc4 29. Bc1 Bd4 30. Qf3 Ne5 31. Qg2 Qa5 32. f4 Nc4 33. Qe4 Ba7 34.
b3 Qc5 35. Bd2 Nxd2 36. Rxd2 Nc3 37. Qxe7 Rc7 38. Qxd6 Qf2+ 39. Kh1 Nxb1 40.
Rd1 Qxg3 41. Qd3 Be3 0-1

[Event "36. Copenhagen Open (Politiken Cup)"]
[Site "Elsinore"]
[Date "2014.07.23"]
[Round "4"]
[White "Rasmussen, Morten(1956)"]
[Black "Egholm, Leif"]
[Result "1/2-1/2"]
[WhiteElo "1861"]
[BlackElo "1718"]
[PlyCount "79"]
[EventDate "2014.07.21"]
[EventType "swiss"]
[EventRounds "10"]
[EventCountry "DEN"]
[Source "ChessBase"]
[SourceDate "2014.08.29"]

1. d4 Nf6 2. c4 c5 3. d5 b5 4. cxb5 a6 5. f3 axb5 6. e4 d6 7. Bxb5+ Nbd7 8. Ne2
Qa5+ 9. Nec3 g6 10. O-O Bg7 11. Na3 O-O 12. Be3 Qc7 13. Nc4 Ba6 14. a4 Rfb8 15.
Qd2 Nb6 16. Nxb6 Qxb6 17. b4 Ne8 18. bxc5 dxc5 19. Bxa6 Qxa6 20. Rac1 c4 21.
Rf2 Bxc3 22. Qxc3 Rb3 23. Qd4 Rd3 24. Qc5 Nd6 25. Bg5 f6 26. Bf4 Rc8 27. Qb4
Rb3 28. Qd2 Qxa4 29. Bxd6 exd6 30. Qd4 Kf7 31. Ra1 Ra3 32. Rff1 Ra8 33. Rxa3
Qxa3 34. Qxc4 Qa7+ 35. Kh1 Qa1 36. Qc7+ Kg8 37. Rc1 Ra7 38. Qc8+ Kg7 39. h3 Qe5
40. Rc7+ 1/2-1/2

[Event "36. Copenhagen Open (Politiken Cup)"]
[Site "Elsinore"]
[Date "2014.07.23"]
[Round "4"]
[White "Rasmussen, Morten Fredsgaard"]
[Black "Neu, Alexandre"]
[Result "0-1"]
[WhiteElo "1949"]
[BlackElo "1760"]
[PlyCount "60"]
[EventDate "2014.07.21"]
[EventType "swiss"]
[EventRounds "10"]
[EventCountry "DEN"]
[Source "ChessBase"]
[SourceDate "2014.08.29"]

1. d4 Nf6 2. Bg5 c5 3. d5 Qb6 4. Bxf6 Qxf6 5. Nc3 g6 6. e4 Bg7 7. Rb1 O-O 8.
Qf3 Qb6 9. Bc4 Qb4 10. Be2 d6 11. Kf1 Nd7 12. a3 Qa5 13. h4 Ne5 14. Qe3 h5 15.
f4 Ng4 16. Bxg4 Bxg4 17. Nf3 Qa6+ 18. Qd3 c4 19. Qe3 e6 20. dxe6 fxe6 21. Nh2
d5 22. exd5 exd5 23. Nxg4 d4 24. Qe4 Rxf4+ 25. Qxf4 Rf8 26. Nd5 hxg4 27. g3
Rxf4+ 28. Nxf4 c3+ 29. Kg2 Qc6+ 30. Kh2 cxb2 0-1

[Event "36. Copenhagen Open (Politiken Cup)"]
[Site "Elsinore"]
[Date "2014.07.23"]
[Round "4"]
[White "Rewitz, Poul"]
[Black "Henrichsen, Jens"]
[Result "1-0"]
[WhiteElo "2218"]
[BlackElo "1959"]
[PlyCount "121"]
[EventDate "2014.07.21"]
[EventType "swiss"]
[EventRounds "10"]
[EventCountry "DEN"]
[Source "ChessBase"]
[SourceDate "2014.08.29"]

1. d4 Nf6 2. Bg5 d5 3. e3 e6 4. c4 Be7 5. Nc3 h6 6. Bh4 b6 7. cxd5 Nxd5 8. Bxe7
Qxe7 9. Qa4+ Bd7 10. Qb3 O-O 11. Nf3 Nxc3 12. bxc3 c5 13. Ne5 Rc8 14. Be2 Be8
15. O-O Nc6 16. Nc4 b5 17. Nd2 Rab8 18. Ne4 cxd4 19. cxd4 Na5 20. Qd3 Nc4 21.
f4 Nb2 22. Qb3 Nc4 23. Rfe1 a5 24. Nc5 a4 25. Qd3 Rb6 26. Rac1 Rd6 27. Nxa4 Ra8
28. Nc3 Ra3 29. Bd1 f5 30. Bb3 Na5 31. Nxb5 Bxb5 32. Qxb5 Nxb3 33. axb3 Qa7 34.
h4 Ra2 35. Qc5 Qe7 36. g3 Kh7 37. Rc2 Raa6 38. Rec1 Qb7 39. Qc3 Qf3 40. Qe1
Rab6 41. Rc3 Rd5 42. Qf2 Qg4 43. Kg2 Rdb5 44. Rb1 Qg6 45. Qe2 Qe8 46. Qc2 Qa8+
47. Kh3 Ra6 48. Qg2 Qa7 49. Rc2 Ra3 50. Rcb2 Qd7 51. g4 fxg4+ 52. Qxg4 h5 53.
Qf3 g6 54. Kg3 Rb4 55. Qe4 Ra6 56. Rc1 Rab6 57. Qe5 Rb7 58. Rbc2 Rxb3 59. Rc8
Qg7 60. Qxe6 Re7 61. Qxb3 1-0

[Event "36. Copenhagen Open (Politiken Cup)"]
[Site "Elsinore"]
[Date "2014.07.23"]
[Round "4"]
[White "Riis, Jens"]
[Black "Skjoldager, Flemming"]
[Result "1-0"]
[WhiteElo "2172"]
[BlackElo "1882"]
[PlyCount "61"]
[EventDate "2014.07.21"]
[EventType "swiss"]
[EventRounds "10"]
[EventCountry "DEN"]
[Source "ChessBase"]
[SourceDate "2014.08.29"]

1. d4 d5 2. Nf3 Nf6 3. Bf4 c6 4. e3 Bf5 5. c4 e6 6. Nc3 Bd6 7. Ne5 O-O 8. Qb3
b6 9. h3 Bxe5 10. Bxe5 Nbd7 11. Bh2 Ne4 12. cxd5 cxd5 13. Ba6 Qh4 14. Nxe4 Bxe4
15. O-O Qg5 16. f3 Bf5 17. Kh1 Nf6 18. g4 Bg6 19. Bf4 Qh4 20. Kh2 Ne8 21. Bg3
Qe7 22. Rac1 h5 23. Qa3 Qxa3 24. bxa3 hxg4 25. hxg4 f6 26. Rc6 Bf7 27. Rfc1 g5
28. Bc8 Ng7 29. Bd6 Rd8 30. Be7 Re8 31. Bxf6 1-0

[Event "36. Copenhagen Open (Politiken Cup)"]
[Site "Elsinore"]
[Date "2014.07.23"]
[Round "4"]
[White "Rimer, Jan"]
[Black "Hoyer, Jacob K"]
[Result "0-1"]
[WhiteElo "2039"]
[BlackElo "2200"]
[PlyCount "108"]
[EventDate "2014.07.21"]
[EventType "swiss"]
[EventRounds "10"]
[EventCountry "DEN"]
[Source "ChessBase"]
[SourceDate "2014.08.29"]

1. d4 Nf6 2. c4 g6 3. Nf3 Bg7 4. Nc3 d5 5. e3 O-O 6. b3 c5 7. Bb2 Nc6 8. Nxd5
Nxd5 9. cxd5 Qxd5 10. Bc4 Qh5 11. Be2 cxd4 12. exd4 Qa5+ 13. Kf1 Rd8 14. Qe1
Qxe1+ 15. Rxe1 Nxd4 16. Nxd4 Bxd4 17. Bxd4 Rxd4 18. Bf3 Kf8 19. Ke2 Bg4 20.
Bxg4 Rxg4 21. Kf3 Rd4 22. Rd1 Rad8 23. Rxd4 Rxd4 24. Ke3 e5 25. Rc1 Ke7 26. f4
Rxf4 27. Rc7+ Ke6 28. Rxb7 a5 29. Ra7 a4 30. bxa4 Rb4 31. h3 Rb2 32. Ra6+ Kf5
33. Ra7 f6 34. g4+ Kg5 35. Rxh7 Rxa2 36. Kf3 Ra3+ 37. Ke4 Rxa4+ 38. Kf3 e4+ 39.
Ke3 f5 40. gxf5 gxf5 41. h4+ Kg6 42. Rh8 Ra3+ 43. Ke2 f4 44. Rf8 Rf3 45. Re8
Kf5 46. Rf8+ Kg4 47. Re8 Kxh4 48. Rxe4 Kg3 49. Re8 Kg2 50. Ke1 Ra3 51. Re2+ Kg3
52. Kf1 Ra1+ 53. Re1 Rxe1+ 54. Kxe1 Kg2 0-1

[Event "36. Copenhagen Open (Politiken Cup)"]
[Site "Elsinore"]
[Date "2014.07.23"]
[Round "4"]
[White "Risting, Eivind Olav"]
[Black "Laustsen, Lars"]
[Result "1-0"]
[WhiteElo "1875"]
[BlackElo "2115"]
[PlyCount "57"]
[EventDate "2014.07.21"]
[EventType "swiss"]
[EventRounds "10"]
[EventCountry "DEN"]
[Source "ChessBase"]
[SourceDate "2014.08.29"]

1. e4 c5 2. Nf3 d6 3. d4 cxd4 4. Nxd4 Nf6 5. Nc3 e6 6. Bc4 Be7 7. O-O O-O 8.
Bb3 Na6 9. Qe2 Nc5 10. Bc4 a6 11. f3 Qc7 12. Be3 b5 13. Bb3 Bd7 14. a3 Rfc8 15.
Rfd1 Rab8 16. Kh1 Qb7 17. Rdb1 Be8 18. Bg5 h6 19. Bh4 Qa7 20. Rd1 Nfxe4 21.
Nxe4 Bxh4 22. Nxd6 Rd8 23. Nxe8 Rxd4 24. Rxd4 Nxb3 25. Rxh4 Nxa1 26. Nxg7 Kxg7
27. Qd2 Rh8 28. Rg4+ Kf8 29. Qd8# 1-0

[Event "36. Copenhagen Open (Politiken Cup)"]
[Site "Elsinore"]
[Date "2014.07.23"]
[Round "4"]
[White "Rogers, Timothy"]
[Black "Stuhr, Finn"]
[Result "1-0"]
[WhiteElo "2011"]
[BlackElo "1800"]
[PlyCount "47"]
[EventDate "2014.07.21"]
[EventType "swiss"]
[EventRounds "10"]
[EventCountry "DEN"]
[Source "ChessBase"]
[SourceDate "2014.08.29"]

1. e4 e5 2. Nf3 Nc6 3. d4 exd4 4. Nxd4 Bc5 5. Nxc6 Qf6 6. Qf3 Qxc6 7. Nc3 Nf6
8. Bb5 Qd6 9. O-O O-O 10. Nd5 Nxd5 11. exd5 Qe5 12. Rb1 Bd6 13. g3 c6 14. Bc4
b5 15. Bd3 Bb7 16. Bf4 Qf6 17. Qe4 g6 18. Bh6 Rfe8 19. Qg4 Re5 20. Qxd7 Re7 21.
Bg5 Qxg5 22. Qxd6 cxd5 23. f4 Re6 24. Qxe6 1-0

[Event "36. Copenhagen Open (Politiken Cup)"]
[Site "Elsinore"]
[Date "2014.07.23"]
[Round "4"]
[White "Romanov, Evgeny"]
[Black "Svane, Rasmus"]
[Result "1-0"]
[WhiteElo "2643"]
[BlackElo "2494"]
[PlyCount "61"]
[EventDate "2014.07.21"]
[EventType "swiss"]
[EventRounds "10"]
[EventCountry "DEN"]
[Source "ChessBase"]
[SourceDate "2014.08.29"]

1. c4 c5 2. Nf3 Nc6 3. d4 cxd4 4. Nxd4 Qb6 5. Nb3 e6 6. Nc3 Bb4 7. e4 Nf6 8.
Bd3 O-O 9. Bf4 a5 10. O-O a4 11. e5 Ne8 12. Nd2 Qd4 13. Nde4 Nxe5 14. Nf6+ Kh8
15. Bxe5 Qxe5 16. Nxh7 Bxc3 17. bxc3 Rg8 18. Re1 Qf4 19. Re4 Qh6 20. Re3 g6 21.
Rh3 Qxh3 22. gxh3 Kxh7 23. h4 Ra5 24. Rb1 Nc7 25. h5 Rg5+ 26. Kf1 f5 27. hxg6+
R8xg6 28. Qxa4 Na6 29. Qa3 Rh5 30. Qe7+ Rg7 31. Qe8 1-0

[Event "36. Copenhagen Open (Politiken Cup)"]
[Site "Elsinore"]
[Date "2014.07.23"]
[Round "4"]
[White "Rorvik, Jon Fredrik"]
[Black "Roser, Kevin"]
[Result "0-1"]
[WhiteElo "2151"]
[BlackElo "2406"]
[PlyCount "102"]
[EventDate "2014.07.21"]
[EventType "swiss"]
[EventRounds "10"]
[EventCountry "DEN"]
[Source "ChessBase"]
[SourceDate "2014.08.29"]

1. c4 Nf6 2. Nc3 e5 3. g3 Bb4 4. Qc2 O-O 5. Bg2 c6 6. a3 Ba5 7. b4 Bc7 8. Nf3
Re8 9. O-O d5 10. cxd5 cxd5 11. d3 h6 12. Bb2 a6 13. Rac1 Bd6 14. Na4 Nbd7 15.
Nd2 Nf8 16. Qb3 Bc7 17. Rc2 b6 18. Rfc1 Re7 19. Qa2 Bb7 20. Qa1 Bd6 21. Qa2 Rb8
22. e3 Ne6 23. Qa1 Nf8 24. Qa2 Ng6 25. Nf3 Re8 26. Qa1 Nd7 27. Nc3 Nf6 28. Ne2
Nd7 29. Nc3 Nf6 30. Ne2 Qe7 31. Qa2 Red8 32. Qa1 Re8 33. Qa2 Rbd8 34. Qa1 Nd7
35. Qa2 Bb8 36. Nc3 Nf6 37. Na4 Nd7 38. Nc3 Qe6 39. Nd2 Nf6 40. Ne2 Qd7 41. Qa1
Nh7 42. Nf1 Nf6 43. Nd2 Qf5 44. Rc3 Ng4 45. Nf3 e4 46. dxe4 dxe4 47. Ned4 Qf6
48. Rc6 Bxc6 49. Nxc6 Qf5 50. h3 exf3 51. hxg4 Qxg4 0-1

[Event "36. Copenhagen Open (Politiken Cup)"]
[Site "Elsinore"]
[Date "2014.07.23"]
[Round "4"]
[White "Rose, Dennis Lauge"]
[Black "Andersen, Rune Egede"]
[Result "1-0"]
[WhiteElo "1839"]
[BlackElo "2132"]
[PlyCount "97"]
[EventDate "2014.07.21"]
[EventType "swiss"]
[EventRounds "10"]
[EventCountry "DEN"]
[Source "ChessBase"]
[SourceDate "2014.08.29"]

1. d4 d5 2. Nf3 Nf6 3. e3 e6 4. Bd3 c5 5. c3 Nc6 6. Nbd2 Be7 7. O-O Qb6 8. a3
a5 9. Rb1 a4 10. h3 h6 11. Qe2 Bd7 12. Bb5 Na7 13. Bxd7+ Nxd7 14. e4 Nf6 15.
exd5 Nxd5 16. Re1 Nc6 17. Nc4 Qc7 18. Qe4 Rd8 19. Qg4 g5 20. dxc5 Bxc5 21. Nfe5
b5 22. Nxc6 Qxc6 23. Ne5 Qc7 24. Qh5 Nf6 25. Qe2 Qb6 26. Qf3 Be7 27. Be3 Qc7
28. Bd4 Rd5 29. Rbd1 O-O 30. Ng4 Nxg4 31. Qxg4 e5 32. Be3 Rfd8 33. Rxd5 Rxd5
34. h4 Qd7 35. Qf3 g4 36. Qe2 f5 37. g3 h5 38. Qc2 Kg7 39. Qc1 Kg6 40. Bg5 Bc5
41. Be3 Bf8 42. Bg5 Rd3 43. Be3 Qd5 44. Qc2 Bd6 45. Qe2 Kh7 46. Bd4 e4 47. Rd1
Bxg3 48. Rxd3 exd3 49. Qe7+ 1-0

[Event "36. Copenhagen Open (Politiken Cup)"]
[Site "Elsinore"]
[Date "2014.07.23"]
[Round "4"]
[White "Rosenkilde, Alexander"]
[Black "Meurman, Arne"]
[Result "1-0"]
[WhiteElo "2255"]
[BlackElo "2062"]
[PlyCount "89"]
[EventDate "2014.07.21"]
[EventType "swiss"]
[EventRounds "10"]
[EventCountry "DEN"]
[Source "ChessBase"]
[SourceDate "2014.08.29"]

1. d4 Nf6 2. c4 g6 3. Nc3 Bg7 4. e4 d6 5. Be2 O-O 6. Nf3 Nbd7 7. O-O e5 8. Be3
exd4 9. Nxd4 a5 10. f3 c6 11. Qd2 Re8 12. Rad1 Qe7 13. Nc2 Bf8 14. Na4 Nh5 15.
Rfe1 Ng7 16. Bf4 Ne5 17. Nb6 Rb8 18. Qxa5 Qc7 19. Be3 Be6 20. Qd2 f5 21. exf5
Nxf5 22. Bf2 Rbd8 23. f4 Bh6 24. g4 Nh4 25. Bxh4 Qxb6+ 26. Bf2 Qxb2 27. g5 Nxc4
28. Bxc4 Bxc4 29. gxh6 Bd5 30. Rb1 Rxe1+ 31. Rxe1 Qf6 32. a3 Rf8 33. Nb4 Bf3
34. Qe3 Qxf4 35. Qxf4 Rxf4 36. Bg3 Rf6 37. Bh4 Rf5 38. Re7 c5 39. Rg7+ Kf8 40.
Nc2 Rh5 41. Be7+ Ke8 42. Rxh7 Be4 43. Ne3 g5 44. Rg7 Rxh6 45. Ng4 1-0

[Event "36. Copenhagen Open (Politiken Cup)"]
[Site "Elsinore"]
[Date "2014.07.23"]
[Round "4"]
[White "Rossen, Claus"]
[Black "Beshukov, Sergei"]
[Result "1/2-1/2"]
[WhiteElo "2123"]
[BlackElo "2423"]
[PlyCount "142"]
[EventDate "2014.07.21"]
[EventType "swiss"]
[EventRounds "10"]
[EventCountry "DEN"]
[Source "ChessBase"]
[SourceDate "2014.08.29"]

1. d4 Nf6 2. c4 d6 3. Nc3 Bf5 4. e3 e5 5. dxe5 dxe5 6. Qxd8+ Kxd8 7. Nf3 Nbd7
8. Be2 c6 9. O-O Bb4 10. Bd2 Be7 11. Nh4 Be6 12. f4 exf4 13. exf4 Bg4 14. Nf3
Bc5+ 15. Kh1 Kc7 16. h3 h5 17. Ng5 Raf8 18. Bd3 Bd4 19. Rae1 Nc5 20. Bc2 Be6
21. b3 Ne8 22. f5 Bd7 23. b4 Na6 24. Nce4 Kc8 25. Nf3 Bb6 26. Ne5 Nb8 27. Bc3
Bc7 28. f6 gxf6 29. Nxf6 Nxf6 30. Rxf6 Rhg8 31. Rxf7 Rxf7 32. Nxf7 Bg3 33. Rd1
Be6 34. Be5 Bxe5 35. Nxe5 Rf8 36. Rd6 Bf5 37. Ng6 Bxg6 38. Bxg6 Rf4 39. Bd3 h4
40. Be2 Kc7 41. Rh6 Re4 42. Rh7+ Kd6 43. Rxb7 Rxe2 44. Rxb8 Re4 45. Rg8 Rxc4
46. Rg4 Rc2 47. Rxh4 Rxa2 48. Rg4 a5 49. bxa5 Rxa5 50. Rg6+ Kd7 51. h4 c5 52.
Rg5 Ra4 53. h5 c4 54. h6 c3 55. Rc5 Rh4+ 56. Kg1 Rxh6 57. Rxc3 Ke7 58. Rf3 Rg6
59. Kf2 Ke6 60. Rf8 Ke7 61. Rf4 Ke6 62. Kf3 Ke7 63. g3 Ke6 64. Ra4 Kf7 65. Ra7+
Kg8 66. Kf4 Rb6 67. g4 Rc6 68. g5 Rb6 69. Kg4 Rc6 70. Kh5 Rb6 71. g6 Rb1
1/2-1/2

[Event "36. Copenhagen Open (Politiken Cup)"]
[Site "Elsinore"]
[Date "2014.07.23"]
[Round "4"]
[White "Royset, Pal"]
[Black "Meier, Georg"]
[Result "0-1"]
[WhiteElo "2208"]
[BlackElo "2632"]
[PlyCount "120"]
[EventDate "2014.07.21"]
[EventType "swiss"]
[EventRounds "10"]
[EventCountry "DEN"]
[Source "ChessBase"]
[SourceDate "2014.08.29"]

1. e4 e6 2. d4 d5 3. Nc3 Nf6 4. e5 Nfd7 5. f4 c5 6. Nf3 Nc6 7. Be3 Be7 8. Qd2
O-O 9. Bd3 f6 10. exf6 Bxf6 11. Be2 b6 12. O-O Bb7 13. Nb5 Be7 14. c3 Nf6 15.
Bd3 c4 16. Bc2 Qd7 17. Na3 Ne4 18. Qe1 Bxa3 19. bxa3 Ne7 20. Rd1 Nf5 21. Bc1
Bc6 22. Ne5 Qe8 23. Bxe4 dxe4 24. g4 Nd6 25. Qh4 Bd5 26. Rde1 Rc8 27. Re3 Qd8
28. Qh5 Qe8 29. Qh4 Rf6 30. g5 Nf5 31. gxf6 Nxh4 32. f7+ Qxf7 33. Nxf7 Kxf7 34.
Re2 Ke7 35. Kf2 Kd7 36. Rg1 Nf5 37. Ke1 Rf8 38. Be3 Rf6 39. Kd2 Rh6 40. Rgg2
Rh3 41. Rg5 Kc6 42. Bg1 Kb5 43. Kc2 Ka4 44. Kb2 a5 45. Re1 Rf3 46. Rg4 h5 47.
Rg5 Rxf4 48. Rxh5 Rg4 49. Be3 Rg2+ 50. Kb1 Kxa3 51. Bc1+ Ka4 52. Bf4 b5 53. Rg5
Rf2 54. Be5 b4 55. Bxg7 Ka3 56. cxb4 axb4 57. Be5 Rb2+ 58. Kc1 Rxa2 59. Rxf5
exf5 60. Re3+ c3 0-1

[Event "36. Copenhagen Open (Politiken Cup)"]
[Site "Elsinore"]
[Date "2014.07.23"]
[Round "4"]
[White "Rydstrom, Tom"]
[Black "Frisk, Hans"]
[Result "0-1"]
[WhiteElo "2234"]
[BlackElo "2042"]
[PlyCount "116"]
[EventDate "2014.07.21"]
[EventType "swiss"]
[EventRounds "10"]
[EventCountry "DEN"]
[Source "ChessBase"]
[SourceDate "2014.08.29"]

1. e4 e5 2. Nf3 Nf6 3. Nc3 Nc6 4. Bb5 Bd6 5. O-O O-O 6. d4 Nxd4 7. Nxd4 exd4 8.
Qxd4 Qe7 9. h3 c6 10. Be2 Be5 11. Qe3 Bxc3 12. Qxc3 Nxe4 13. Qe3 Re8 14. Re1
Qc5 15. Bd3 Qxe3 16. Bxe3 d5 17. f3 Nf6 18. g4 Bd7 19. a4 b6 20. b4 h6 21. h4
Nh7 22. g5 hxg5 23. hxg5 d4 24. Bf4 Nf8 25. Be4 Ne6 26. Bd2 Nc7 27. Kf2 Nd5 28.
Rh1 f5 29. gxf6 Nxf6 30. Bg6 Re7 31. Rh4 Be8 32. Rah1 Bxg6 33. Rh8+ Kf7 34.
Rxa8 Bxc2 35. a5 Nd5 36. Re1 Rc7 37. Ree8 Bd3 38. Rec8 Rxc8 39. Rxc8 Bb5 40.
Ra8 a6 41. Ra7+ Kf6 42. axb6 Nxb6 43. Bf4 Kf5 44. Rf7+ Kg6 45. Rb7 Nd5 46. Bd2
Kf6 47. f4 g6 48. Kf3 Kf5 49. Rf7+ Nf6 50. Bc1 Ke6 51. Rg7 Kf5 52. Bb2 Nh5 53.
Rd7 d3 54. Rf7+ Ke6 55. Rf8 Ke7 56. Rh8 d2 57. Bf6+ Nxf6 58. Rh1 Ba4 0-1

[Event "36. Copenhagen Open (Politiken Cup)"]
[Site "Elsinore"]
[Date "2014.07.23"]
[Round "4"]
[White "Sajjadi, Kimiya"]
[Black "Eriksson, Christian Altenburg"]
[Result "0-1"]
[WhiteElo "1531"]
[BlackElo "2153"]
[PlyCount "72"]
[EventDate "2014.07.21"]
[EventType "swiss"]
[EventRounds "10"]
[EventCountry "DEN"]
[Source "ChessBase"]
[SourceDate "2014.08.29"]

1. d4 d5 2. c4 dxc4 3. e3 Nf6 4. Bxc4 e6 5. Nf3 a6 6. a4 c5 7. O-O Nc6 8. dxc5
Bxc5 9. Qxd8+ Kxd8 10. Nc3 Ke7 11. e4 Ng4 12. Bf4 f6 13. h3 Nge5 14. Nxe5 Nxe5
15. Bxe5 fxe5 16. Kh2 Bd7 17. f3 Rac8 18. b3 Bd4 19. Rac1 Bxc3 20. Rxc3 b5 21.
axb5 axb5 22. Rfc1 bxc4 23. bxc4 Rc5 24. Rb3 Rhc8 25. Ra1 Rxc4 26. Ra7 R4c7 27.
Ra6 g5 28. Rb2 h5 29. h4 gxh4 30. Kh3 Rc1 31. Kxh4 Rg8 32. g4 hxg4 33. fxg4 Rg1
34. g5 R1xg5 35. Ra1 R5g7 36. Kh3 Rh8# 0-1

[Event "36. Copenhagen Open (Politiken Cup)"]
[Site "Elsinore"]
[Date "2014.07.23"]
[Round "4"]
[White "Schandorff, Lars"]
[Black "Neffe, Axel"]
[Result "1/2-1/2"]
[WhiteElo "2529"]
[BlackElo "2252"]
[PlyCount "41"]
[EventDate "2014.07.21"]
[EventType "swiss"]
[EventRounds "10"]
[EventCountry "DEN"]
[Source "ChessBase"]
[SourceDate "2014.08.29"]

1. d4 Nf6 2. c4 e6 3. Nc3 Bb4 4. Qc2 Nc6 5. Nf3 d5 6. a3 Bxc3+ 7. Qxc3 Ne4 8.
Qc2 e5 9. e3 Bf5 10. Qa4 Bd7 11. Qd1 Bg4 12. h3 Bh5 13. dxe5 dxc4 14. Qxd8+
Rxd8 15. Bxc4 Nxe5 16. Be2 Bxf3 17. gxf3 Nc5 18. b4 Ned3+ 19. Bxd3 Nxd3+ 20.
Ke2 Nxc1+ 21. Raxc1 1/2-1/2

[Event "36. Copenhagen Open (Politiken Cup)"]
[Site "Elsinore"]
[Date "2014.07.23"]
[Round "4"]
[White "Schroeder, Jan Christian"]
[Black "Negi, Parimarjan"]
[Result "0-1"]
[WhiteElo "2370"]
[BlackElo "2645"]
[PlyCount "58"]
[EventDate "2014.07.21"]
[EventType "swiss"]
[EventRounds "10"]
[EventCountry "DEN"]
[Source "ChessBase"]
[SourceDate "2014.08.29"]

1. e4 c5 2. Nf3 e6 3. d4 cxd4 4. Nxd4 Nc6 5. Nc3 Qc7 6. Be2 Nf6 7. O-O a6 8.
Be3 Be7 9. f4 d6 10. Qe1 Nxd4 11. Bxd4 b5 12. a3 Bb7 13. Qg3 Nxe4 14. Qxg7 Kd7
15. Rf3 Raf8 16. Rd1 Rhg8 17. Qxh7 Rg6 18. Qh3 Rfg8 19. Bf1 Bf6 20. Bxf6 Nxf6
21. f5 Qb6+ 22. Kh1 Ng4 23. fxg6 Bxf3 24. Rd2 Rh8 25. gxf3 Rxh3 26. Bxh3 Nf2+
27. Kg2 Nxh3 28. g7 Qg1+ 29. Kxh3 Qxg7 0-1

[Event "36. Copenhagen Open (Politiken Cup)"]
[Site "Elsinore"]
[Date "2014.07.23"]
[Round "4"]
[White "Seegers, Hendrik"]
[Black "Hinrichs, Lars"]
[Result "1-0"]
[WhiteElo "2196"]
[BlackElo "2003"]
[PlyCount "65"]
[EventDate "2014.07.21"]
[EventType "swiss"]
[EventRounds "10"]
[EventCountry "DEN"]
[Source "ChessBase"]
[SourceDate "2014.08.29"]

1. d4 e6 2. Bf4 Nf6 3. e3 c5 4. c3 Nc6 5. Nd2 d5 6. Bd3 Qb6 7. Rb1 Bd7 8. h3
Rc8 9. Ngf3 Be7 10. O-O Nh5 11. Bh2 f5 12. g4 Nf6 13. Ne5 Nxe5 14. Bxe5 Bb5 15.
dxc5 Bxc5 16. Bxb5+ Qxb5 17. gxf5 Qd7 18. Bxf6 gxf6 19. Kh1 exf5 20. Qh5+ Kd8
21. Nb3 d4 22. Nxc5 Rxc5 23. exd4 Qd5+ 24. f3 Rc7 25. Rbe1 Rg7 26. c4 Qd7 27.
Qh4 Rhg8 28. Qxf6+ Kc8 29. Rg1 f4 30. Kh2 Rxg1 31. Rxg1 Qe8 32. Qf5+ Kd8 33.
Qd5+ 1-0

[Event "36. Copenhagen Open (Politiken Cup)"]
[Site "Elsinore"]
[Date "2014.07.23"]
[Round "4"]
[White "Semcesen, Daniel"]
[Black "Olsarova, Tereza"]
[Result "1-0"]
[WhiteElo "2471"]
[BlackElo "2251"]
[PlyCount "97"]
[EventDate "2014.07.21"]
[EventType "swiss"]
[EventRounds "10"]
[EventCountry "DEN"]
[Source "ChessBase"]
[SourceDate "2014.08.29"]

1. d4 d5 2. c4 c6 3. Nf3 Nf6 4. Qb3 dxc4 5. Qxc4 Bf5 6. g3 e6 7. Bg2 Nbd7 8.
O-O Be7 9. e3 O-O 10. Qe2 Ne4 11. Rd1 Qc7 12. Ne1 c5 13. f3 Nef6 14. e4 Bg6 15.
Nc2 Rac8 16. Be3 cxd4 17. Nxd4 e5 18. Nb5 Qc2 19. Rd2 Qc1+ 20. Rd1 Qc2 21. Qxc2
Rxc2 22. b3 a6 23. Nd6 b5 24. a4 b4 25. Bf1 Nc5 26. Bc4 Ncd7 27. a5 Rd8 28. Nb7
Ra8 29. Nd2 Nb8 30. Rac1 Rc3 31. Kf2 Nc6 32. Nb1 Rxc1 33. Rxc1 Bxe4 34. fxe4
Ng4+ 35. Ke2 Nxe3 36. Bxf7+ Kxf7 37. Rxc6 Ng4 38. h3 Nf6 39. Nd2 Ke8 40. Nc5
Kd8 41. Kd3 Bxc5 42. Rxc5 Nd7 43. Rc6 Rb8 44. Kc4 Rb5 45. Rxa6 Rc5+ 46. Kxb4
Rc2 47. Nc4 Rg2 48. Ra8+ Kc7 49. a6 1-0

[Event "36. Copenhagen Open (Politiken Cup)"]
[Site "Elsinore"]
[Date "2014.07.23"]
[Round "4"]
[White "Skjoldager, Mikael"]
[Black "Olsson, Tomas"]
[Result "1-0"]
[WhiteElo "2078"]
[BlackElo "1872"]
[PlyCount "77"]
[EventDate "2014.07.21"]
[EventType "swiss"]
[EventRounds "10"]
[EventCountry "DEN"]
[Source "ChessBase"]
[SourceDate "2014.08.29"]

1. d4 Nf6 2. c4 g6 3. Nc3 Bg7 4. e4 d6 5. Nf3 O-O 6. Be2 e5 7. O-O Nc6 8. d5
Ne7 9. b4 Nh5 10. Re1 f5 11. Ng5 Nf6 12. f3 a5 13. bxa5 Rxa5 14. Be3 Ne8 15.
Qd2 b6 16. f4 fxe4 17. fxe5 Bxe5 18. Ngxe4 Nf5 19. Bg5 Qd7 20. Bg4 Ra8 21. Rad1
Nf6 22. Nxf6+ Bxf6 23. Ne4 Bg7 24. Ng3 Qa4 25. Bxf5 Bxf5 26. Re7 Qxa2 27. Bh6
Rf7 28. Re8+ Rf8 29. Re7 Rf7 30. Rxf7 Kxf7 31. Qf4 Be5 32. Qh4 Qc2 33. Rf1 Ra1
34. Qd8 Bd4+ 35. Kh1 Rxf1+ 36. Nxf1 g5 37. Qxc7+ Ke8 38. Qb8+ Kd7 39. Bxg5 1-0